Statistics for Most Common Grocery Foods - Australia

Click here to take the quiz!

General Stats

  • This quiz has been taken 63 times
  • The average score is 17 of 40

Answer Stats

HintAnswer% Correct
LoavesBread
89%
bunnies likeCarrot
81%
green in saladLettuce
80%
Wipe on breadButter
78%
Brekky drinkMilk
78%
Eaten at BirthdaysCake
76%
red in saladTomato
74%
Comes from rainWater
72%
runny yolkEggs
72%
3 letters green eggs &...Ham
69%
Yellow fruitBanana
67%
Thanks Giving DinnerTurkey
65%
School snack ' english crisps'Chips
61%
Fruit & colourOrange
61%
Porridge ingredientOats
57%
Red BerryStrawberry
54%
Circular- Homer's faveDonut
46%
Multi coloured fruitApple
44%
mashed veggiePotatoes
44%
Makes you fartBaked beans
41%
made the aboveChicken
41%
Cooked in 2 minsNoodles
39%
Nuts (protein snack)Almonds
37%
starts with s, from oceanSalmon
33%
Brown & SweetChocolate
30%
Yellow & stickyCheese
28%
Home made, italianPizza
28%
Smelly - from oceanTuna
26%
Black drinkCoke
24%
Breakfast cakeMuffin
22%
part of italian dishSpaghetti
20%
Orange veggiePumpkin
20%
small balls, red & green veggipeas
19%
Very healthy, redCapsicum
19%
English biscuitCookies
17%
Very healthy, greenAvocado
11%
Frozen before cooked, rollsSausage Rolls
6%
Bought with the abovePies
4%
school snack barMuseli bar
4%
from cattleMeat/Beef
0%

Score Distribution

Percentile by Number Answered

Percent of People with Each Score

Your Score History

You have not taken this quiz